| 000 | 00808nam a2200277Ia 4500 | ||
|---|---|---|---|
| 003 | OSt | ||
| 005 | 20220918223732.0 | ||
| 006 | a|||||r|||| 00| 0 | ||
| 007 | ta | ||
| 008 | 220917b |||||||| |||| 00| 0 eng d | ||
| 024 | _a224,925 | ||
| 037 | _cTextual | ||
| 040 |
_aARTS _cARTS _beng |
||
| 041 |
_2eng _aeng |
||
| 082 | _aV277:72.E3, M1-;3 | ||
| 100 |
_aSarma Dimbeswar Ed. _9146546 |
||
| 245 | 0 | _aKamarupasasanavali | |
| 260 |
_aAssam _bPub. Board _c2003 |
||
| 300 |
_a328p _ccm. |
||
| 650 | _aHISTORY | ||
| 700 |
_a Chowdhury P.D. Tr. _9146547 |
||
| 700 |
_a Sarma D Tr. _9146548 |
||
| 700 |
_a Sarma R.K. Deva Tr. _9146549 |
||
| 942 |
_hV277:72.E3, M1-;3 _cTEXL _2CC |
||
| 999 |
_c279349 _d279349 |
||